Welcome to CU Library Online Public Access Catalogue (OPAC)

Classic Horror (Record no. 9721)

MARC details
000 -LEADER
fixed length control field 00378nam a22001337a 4500
005 - DATE AND TIME OF LATEST TRANSACTION
control field 20260430113759.0
008 - FIXED-LENGTH DATA ELEMENTS--GENERAL INFORMATION
fixed length control field 260430b |||||||| |||| 00| 0 eng d
020 ## - INTERNATIONAL STANDARD BOOK NUMBER
International Standard Book Number 0844280992
020 ## - INTERNATIONAL STANDARD BOOK NUMBER
International Standard Book Number 9780844280998
050 ## - LIBRARY OF CONGRESS CALL NUMBER
Classification number PR1309
Item number .H6 CLA
245 ## - TITLE STATEMENT
Title Classic Horror
Statement of responsibility, etc. National Textbook Company
260 ## - PUBLICATION, DISTRIBUTION, ETC.
Place of publication, distribution, etc. Illinois
Name of publisher, distributor, etc. NTC/ Contemporary Publishing Company
Date of publication, distribution, etc. 2001
942 ## - ADDED ENTRY ELEMENTS (KOHA)
Source of classification or shelving scheme Library of Congress Classification
Koha item type Books
Suppress in OPAC No
999 ## -
-- 9721
-- 9721
Holdings
Withdrawn status Lost status Source of classification or shelving scheme Damaged status Not for loan Collection Home library Current library Shelving location Date acquired Total checkouts Full call number Barcode Date last seen Copy number Price effective from Koha item type
    Library of Congress Classification     Non-fiction Business Library (Miotso) Business Library (Miotso) General stacks 03/27/2026   PR1309 .H6 CLA BSSM00003945 04/30/2026 1 03/27/2026 Books
© 2023-2024 Copyright: Central University Libraries. All Rights Reserved | Created by: Mahone Tech Office